| 000 | 00678nam a2200229Ia 4500 | ||
|---|---|---|---|
| 005 | 20230209150119.0 | ||
| 008 | 210716s2012 xx 000 0 und d | ||
| 020 | _a9788179925157 | ||
| 040 | _cAIMIT LIBRARY | ||
| 041 | _aeng | ||
| 082 |
_a004.65 _21 _bSARC |
||
| 100 |
_aSarma, C R. _971695 |
||
| 245 |
_aComputer networks: _bpragmatic approach / _cBy C R Sarma. |
||
| 250 | _a1st ed. | ||
| 260 |
_aNew Delhi : _bJaico Publishing House , _c2011. |
||
| 300 |
_avi,315p. ; _c24 cm. |
||
| 650 |
_aData link layer _971696 |
||
| 650 |
_aNetwork layer _971697 |
||
| 650 |
_aTransport layer _971698 |
||
| 650 |
_aApplication layer _971699 |
||
| 942 |
_2ddc _cBK _e1st _k004.65 SARC |
||
| 999 |
_c191621 _d191621 |
||